<?xml version="1.0" encoding="UTF-8"?>
<record
    xmlns:xsi="http://www.w3.org/2001/XMLSchema-instance"
    xsi:schemaLocation="http://www.loc.gov/MARC21/slim http://www.loc.gov/standards/marcxml/schema/MARC21slim.xsd"
    xmlns="http://www.loc.gov/MARC21/slim">

  <leader>00577nab a22001697a 4500</leader>
  <controlfield tag="003">BPK</controlfield>
  <controlfield tag="005">20160404103549.0</controlfield>
  <controlfield tag="008">160212b1979    pl ||||| |||| 00|  0pol  </controlfield>
  <datafield tag="040" ind1=" " ind2=" ">
    <subfield code="c">BPK</subfield>
  </datafield>
  <datafield tag="080" ind1=" " ind2=" ">
    <subfield code="a">94(438)</subfield>
  </datafield>
  <datafield tag="100" ind1=" " ind2=" ">
    <subfield code="a">POLAK, Bogus&#x142;aw.</subfield>
    <subfield code="d"> 1979 - 1996.</subfield>
    <subfield code="b">Wy&#x17C;sza Szko&#x142;a In&#x17C;ynierska w Koszalinie - Studium Nauk Spo&#x142;eczno - Politycznych.</subfield>
  </datafield>
  <datafield tag="245" ind1=" " ind2=" ">
    <subfield code="a">Z niepodleg&#x142;o&#x15B;ciowych tradycji Ziemi gnie&#x17A;nie&#x144;skiej (1794-1945) /</subfield>
    <subfield code="c">Bogus&#x142;aw Polak.</subfield>
  </datafield>
  <datafield tag="260" ind1=" " ind2=" ">
    <subfield code="c">1979.</subfield>
  </datafield>
  <datafield tag="500" ind1=" " ind2=" ">
    <subfield code="a">Dane z kartoteki bpp.</subfield>
  </datafield>
  <datafield tag="773" ind1=" " ind2=" ">
    <subfield code="i">W :</subfield>
    <subfield code="t">Zorza. -</subfield>
    <subfield code="g">1979, nr 19, s. 10-11</subfield>
  </datafield>
  <datafield tag="942" ind1=" " ind2=" ">
    <subfield code="2">UKD</subfield>
    <subfield code="c">ART</subfield>
  </datafield>
  <datafield tag="999" ind1=" " ind2=" ">
    <subfield code="c">7267</subfield>
    <subfield code="d">7267</subfield>
  </datafield>
</record>
